| 000 | 00750nam a22002057a 4500 | ||
|---|---|---|---|
| 999 |
_c20395 _d20395 |
||
| 003 | AR-CdUCM | ||
| 008 | 190529b ||||| |||| 00| 0 spa d | ||
| 040 |
_aMUNICIPALIDAD PROVINCIAL DEL CUSCO _cBIBLIOTECA MUNICIPAL DEL CUSCO |
||
| 082 |
_a658.8 / _bN38 |
||
| 100 |
_aNorbert N, Nelson _942652 |
||
| 245 | _aMercado y ventas de artesanías / | ||
| 260 |
_aMéxico : _bLimusa, _c1970. |
||
| 300 |
_a158 páginas ; _c23 cm. |
||
| 505 | _aContenido : Características del mercado de artesanías -- Manufactura y venta de una linea de articulos -- Establecimientos de precios para obtener utilidades... | ||
| 650 |
_aTipos de mercado _942653 |
||
| 650 |
_aEquipo de ventas _942654 |
||
| 650 |
_aPolitica _9291 |
||
| 942 |
_2ddc _cLIBROS |
||
| 945 | _arcc | ||